=LDR 00000nam 2200000 4500 =001 INLIS000000000021614 =005 20130612120447 =008 ***********************************Ind** =035 ##$$0010-061300000021614 =041 ##$$a Ind =082 ##$$a 635.659 6 =090 ##$$a 635.659 6, Irf-b =100 ##$$a IRFAN =245 ##$$a Bertanam kacang sayur, Irfan =260 ##$$a 1989 $b Jakarta =300 ##$$a 18 hlm., ilus., 20 cm =650 ##$$a Kacang Sayur =850 ##$$a NBPNMAT